Patria y altares (Record no. 150628)

MARC details
000 -LEADER
campo de control de longitud fija 00567nam a2200169 i 4500
001 - NÚMERO DE CONTROL
campo de control 150628
003 - IDENTIFICADOR DE NÚMERO DE CONTROL
campo de control ES-MaACL
005 - FECHA Y HORA DE LA ÚLTIMA TRANSACCIÓN
campo de control 20251017063106.0
007 - CAMPO FIJO DE DESCRIPCIÓN FÍSICA--INFORMACIÓN GENERAL
campo de control de longitud fija t|
008 - DATOS DE LONGITUD FIJA--INFORMACIÓN GENERAL
campo de control de longitud fija 071031s1970 sp ||||1| spa d
100 0# - ENTRADA PRINCIPAL--NOMBRE DE PERSONA
Nombre de persona Valentín de la Cruz,
Títulos y otros términos asociados al nombre Fray (O.C.D.)
9 (RLIN) 112611
245 10 - MENCIÓN DEL TÍTULO
Título Patria y altares
Resto del título : (donaciones religiosas del Conde Fernán González) /
Mención de responsabilidad, etc. Fray Valentín de la Cruz.
260 ## - PUBLICACIÓN, DISTRIBUCIÓN, ETC.
Lugar de publicación, distribución, etc. Burgos :
Nombre del editor, distribuidor, etc. [s.n.],
Fecha de publicación, distribución, etc. 1970 (
Fabricante Imp. Monte Carmelo)
300 ## - DESCRIPCIÓN FÍSICA
Extensión 142 p. :
Otras características físicas il. ;
Dimensiones 22 cm.
852 ## - LOCALIZACIÓN
Ubicación ES-MaACL
Número de control de estantería C-44752
Sublocalización o colección R.74158
Holdings
Estatus retirado Estado de pérdida Estado de daño No para préstamo Biblioteca de origen Biblioteca actual Ubicación en estantería Fecha de adquisición Fuente de adquisición Total de préstamos Signatura topográfica completa Código de barras Visto por última vez Precio de reemplazo Tipo de ítem Koha
        Biblioteca del Ateneo de Madrid Biblioteca del Ateneo de Madrid Depósito 2 17/01/2008     C-44752 1157174 23/02/2023 23/02/2023 Libro impreso